000 01308cam a2200349 a 4500
001 1887
003 FISKH
005 20250828104339.0
008 021205s2003 nyua b b 001 0 eng
010 _a 2002154959
020 _a9780516244846
020 _a0516278738 (pbk.)
040 _aDLC
_cDLC
_dDLC
_beng
043 _an-us---
050 0 0 _aCR113
_b.D68 2003
082 0 0 _a929.9/2/0973
_221
100 1 _aDouglas, Lloyd G.
245 1 4 _aThe American flag /
_cby Lloyd G. Douglas.
260 _aNew York :
_bScholastic,
_c2003.
300 _a24 pages :
_bcolor illustrations ;
_c16 x 18 cm.
490 1 _aAmerican symbols
505 0 _aK
520 _aEmergent readers will discover the history and heritage of American symbos, such as the U.S. flag and the bald eagle, in this patriotic series. The text introduces American symbols and explains why they represent America.
521 8 _a520
_bLexile
521 8 _aK
_bRaz-Plus
650 0 _aFlags
_zUnited States
_vJuvenile literature.
650 1 _aFlags
_zUnited States.
800 1 _aDouglas, Lloyd G.
_tAmerican symbols.
906 _a7
_bcbc
_corignew
_d1
_eecip
_f20
_gy-gencatlg
942 _2ddc
_cBK
_n0
999 _c1887
_d1887